1646 1542 1244 1623 1448 1591 1843 1373 1306 1550 1481 1414 1391 1593 1560 1159 1231 1244 1382 1012 1154 1016 1563 1392 1617 1097 1423 1184 1658 1688 1068 1424 1549 1775 1536 1762 1390 1688 1167 1822 1021 1883 1431 1259 1844 1308 1795 1212 1401 1275 1773 1628 1816 1116 1395 1768 1857 1862 1718 1377 1068 1474 1417 1208 1673 1756 1521 1609 1700 1319 1663 1512 1738 1808 1495 1016 1871 1428 1177 1106 1118 1295 1245 1976 1629 1039 1382 1812 1925 1575 1805 1984 1082 1963 1046 1109 1931 1806 1308 BCNSPRNW ULIB Ver.6.0+V

เปลี่ยนเป็นภาษาไทย

Change to English
 แสดงรายละเอียดบรรณานุกรม
  กลับหน้าหลัก

Brief Record : Get Marc (ISO 2709) : E-mail record : QR code < ปิดหน้าต่าง
LEADER : 00000nam 2200000uu 4500
001    13399115157
003     ULIB
008    120713s2551||||th 000 0 tha d
020    9789742461430
060  4 QU145^bส881ม
100 0  สุวิทย์ ชวเดช
245 00 มังสวิรัติหรือชีวจิต :^nศาสตร์แห่งการไม่กินเนื้อที่แท้จริง^cสุวิทย์ ชวเดช
260    กรุงเทพฯ:^bสมิต 2005,^c2551
300    111 หน้า:^bภาพประกอบ,^c27 ซม
650  4 มังสวิรัต
650  4 ชีวจิต
945    ^p84^l0^i19147
995    เกษร
999 ^a ใช้งานได้ทุกระบบ
รายการนี้ยังไม่มีแท็ก
คุณยังไม่ได้ล็อกอิน คุณสามารถมีกิจกรรมร่วมกับเว็บไซต์ได้ แต่ต้องล็อกอินก่อน ::
  ล็อกอิน

รายการสื่อสารสนเทศ

ลำดับที่ ประเภท เลขเรียก/บาร์โค้ด สถานที่ สถานะ
- ไม่พบข้อมูล -

รายการใกล้เคียง
    หัวเรื่อง [มังสวิรัต]
    หัวเรื่อง [ชีวจิต]

BibComment


ยังไม่เคยถูกคอมเมนท์

คอมเมนท์ทรัพยากรรายการนี้
  คอมเมนท์: มังสวิรัติหรือชีว..


 Copyright 2026. Bcnsprnw @Library